Rahsia kemesraan dan kebahagiaan suami isteri

Bibliographic Details
Main Author: Jaafar Salleh
Format: Book
Published: Kuala Lumpur : Al-Hidayah , 1997
Subjects:

MARC

LEADER 00000cam a2200000 7i4500
001 0000012604
005 20080312.0
008 071226
020 |a 9830990435 
090 0 0 |a 297.577   |b JAA 
100 1 |a Jaafar Salleh 
245 1 0 |a Rahsia kemesraan dan kebahagiaan suami isteri   |c Ustaz Jaafar Salleh 
260 |a Kuala Lumpur :   |b Al-Hidayah ,   |c 1997 
650 0 |a Husband and wife   |x Religious aspects   |x Islam 
650 0 |a Marriage customs and rites, Islamic 
999 |a 0001008368   |b Book   |c Adult Collection   |e Perbadanan Perpustakaan Awam Johor 
999 |a 0001008369   |b Book   |c Adult Collection   |e Perbadanan Perpustakaan Awam Johor